000 00289nam a22001337a 4500
008 181022b xxu||||| |||| 00| 0 eng d
020 _a9780471612193
041 _aeng
080 _25th
_a159.9
100 _a48
101 _aPSI
245 _aPersonality
_cPervin,L.A
942 _2udc
_cBK
999 _c50400
_d50400